| 000 | 00912nam a2200229 a 4500 | ||
|---|---|---|---|
| 001 | 41297 | ||
| 003 | BD-RjUL | ||
| 005 | 20211209053348.0 | ||
| 008 | 160528s1977 bg ||||| |||| 00| 0 ben d | ||
| 020 | _c: TK 8.00 | ||
| 035 | _a(BD-RjUL)41414 | ||
| 040 |
_aBD-RjUL _bben _cBD-RjUL |
||
| 041 | _aben | ||
| 082 |
_223 _a016.297 _bBAN 1977 |
||
| 245 | 0 | 0 |
_aবাংলা ভাষায় ইসলামিক পুস্তকের তালিকা / _cমোঃ আবদুর রাজ্জাক সংকলিত |
| 260 |
_aঢাকা : _bইসলামিক ফাউন্ডেশন, _c১৯৭৭ |
||
| 300 |
_a১৯৪ পৃ. ; _c২১ সেমি. |
||
| 650 |
_aগ্রথপঞ্জি _xইসলাম _9127027 |
||
| 650 |
_aBibliography _xIslam _9127028 |
||
| 700 |
_aরাজ্জাক, মোঃ আবদুর, সংকলক _9127029 |
||
| 942 |
_2ddc _cBK |
||
| 999 |
_c41297 _d41297 |
||